00549nam a2200181Ia 4500003000900000008004100009020001800050040001600068080001300084100002100097245009000118260003800208300001500246650004100261650001200302650002700314650002600341IN-BaIIA211028s9999 xx 000 0 eng d a0-471-35265-9 cIIA Library a621bHAR aHarris, Tedric A 0aRolling bearing analysiscTedric A Harris  aNew YorkbJohn Wiley & Sonsc1966 axiv, 481p. aAstronomy and astrophysics thesaurus aBearing aMechanical engineering aRolling contact loads